00354 a2200145 450000100060000002000150000604000240002110000210004524000470006624500420011330000070015536200090016244000130017165000240018468701 a8526248901 cAnchieta - Itaigara aCompany, Mercè10aAs trigêmeas e Chapeuzinho Vermelholpor10aAs trigêmeas e Chapeuzinho Vermelho a310 a2003 1aScipione 4aLiteratura infantil